00480nam a2200181Ia 4500999001500000003000400015005001700019008004100036020001500077040000900092082001900101100002600120245004000146260004400186300000900230650001500239942004400254 c6500d6500OSt20200125111918.0190216s9999||||xx |||||||||||||| ||und|| a0333932927 coclc a658.404bMAY/P aMaylor, Harvey 91540 0aProject Management /cHarvey Maylor bMacmillan India Ltd,c2001.aNew Delhi: a251p aManagement cBK2ddch658.404iMAY/Pk658.404mMAY/P